000 00713 a2200229 4500
003 dpl
005 20240726144240.0
008 240726b |||||||| |||| 00| 0 eng d
010 _aENG-141018
020 _a9789354791185
_c595.00
035 _aEN-124550
037 _bDBAD
040 _c0
082 1 4 _a330.122
_22
100 1 _968964
_aSuresh, R.R
245 1 _aEconomy and Society:
_cBy R.R Suresh
_bPolitical Economy and Rise of Capitaism/
250 _a2
260 _aNew Delhi
_bSage Publications
_c2022
270 _aB1/11, Mohan Cooperative Industrial Area, Mathura Road
_bNew Delhi
_e110 044
300 _axx,257,I-5p.
_c23cm(pb)
_bIndex
942 _adpl
_cEN
_2ddc
_h330.122
_mSUR
999 _c204519
_d204519